000 00917nam a2200265 a 4500
001 24757
003 CO-ViMGA
005 20230915224031.0
008 141112s2004 ck r 000 u spa d
015 _ack - 2001 - xxxx
035 _aAGH1447 LA
040 _aCO-ViMGA
_bspa
_cCO-ViMGA
041 _aspa
043 _as - ck - - -
082 _aCo863.6 M87m
100 1 _aMutis, Alvaro, 1923 -
245 1 0 _aLa mansión de Araucaíma /
_cAlvaro Mutis.
260 _aBogotá :
_bInstituto Nacional para Ciegos,
_c2001.
300 _a101 p. ; 32 cm.
490 _aBiblioteca Familiar Presidencia de la República
500 _aTomado de la Biblioteca Familiar de la Presidencia de la República.
650 1 4 _aCuentos colombianos.
942 _2ddc
_cBK
999 _c11009
_d11009